Culture Générale - Série 2476 - Statistiques

Statistiques générales
  • Ce quiz a été pris 157 fois
  • Le résultat moyen est 4 sur 10
Statistiques - réponses
Question Réponse % Correct
Quel est le pseudonyme de Saïd M'Roumbaba, né le 14 janvier 1979 , à Marseille , rappeur, chanteur et compositeur français ? voir photo Soprano
72%
Quelle est la capitale de l'Azerbaïdjan ? Bakou
67%
Substance de manière en tout point semblable au médicament actif, mais constituée d'une substance inerte, comme un amidon ou un sucre placébo
66%
Quel mot de 8 lettres commençant par " c " est synonyme de vaurien, petit garnement, galopin ? chenapan
54%
Quelle est la glande responsable de la régulation du métabolisme dans le corps humain? thyroïde
49%
Espace situé sous la toiture, volume intérieur délimité par les versants de toiture et le dernier plancher comble
44%
Piétiner ou frapper des pieds contre terre à plusieurs reprises, sous le coup d'une émotion. (enthousiasme, impatience,colère). trépigner
37%
Quel pays est surnommé "le pays des lapins" ? Espagne
9%
Sous quels prénom et nom connaissait-on mieux Jacky Boufroura (1951-2005) ? Jacques Villeret
9%
Repas en commun des premiers chrétiens agape
7%
Aucun quiz correspondant
Distribution des résultats
% des personnes avec chaque résultat
Percentile par nombre de réponses
Votre historique - résultats
Vous n’avez pas pris ce quiz